[Event "2 Bundesliga Mitte 2006/2007"]
[Site "Fuerstenfeld"]
[Date "2007.03.31"]
[Round "10"]
[Board "1"]
[White "Neubauer, Martin"]
[Black "Testor, Sebastian"]
[Result "1/2-1/2"]
[WhiteElo "2480"]
[BlackElo "2233"]
[PlyCount "85"]
[EventDate "2006.10.28"]
[EventType "team"]
[EventRounds "11"]
[EventCountry "AUT"]
[WhiteTeam "ASVOe Raika StVeit/Glan"]
[BlackTeam "Sauwald"]

1.g3 Nf6 2.Bg2 d5 3.Nf3 c6 4.O-O Bg4 5.d3 Nbd7 6.Nbd2 e5 7.e4 dxe4 8.dxe4 Bc5
9.Qe2 O-O 10.a4 a5 11.h3 Bxf3 12.Qxf3 Re8 13.Rd1 Qc7 14.Nc4 Nb6 15.Bf1 Nfd7
16.Ne3 Bf8 17.b3 Nc5 18.Nf5 Ne6 19.h4 Rad8 20.Bd2 Nc8 21.Bc4 Nd6 22.Bxe6 Rxe6
23.Bc3 b6 24.Ne3 f6 25.Qg4 Ree8 26.Rd3 Qc8 27.Qxc8 Rxc8 28.f3 Kf7 29.Rad1 Ke6
30.Be1 Be7 31.Bf2 g6 32.Kf1 f5 33.exf5+ gxf5 34.g4 fxg4 35.fxg4 Rf8 36.Kg2 Ne4
37.Nf5 Nxf2 38.Kxf2 h5 39.Kg3 Rg8 40.Nxe7 Rxg4+ 41.Kh3 Kxe7 42.Rd7+ Kf6 43.R7d6+

[Event "2 Bundesliga Mitte 2006/2007"]
[Site "Fuerstenfeld"]
[Date "2007.03.31"]
[Round "10"]
[Board "2"]
[White "Lautner, Josef"]
[Black "Rogic, Davor"]
[Result "0-1"]
[WhiteElo "2262"]
[BlackElo "2494"]
[PlyCount "64"]
[EventDate "2006.10.28"]
[EventType "team"]
[EventRounds "11"]
[EventCountry "AUT"]
[WhiteTeam "Sauwald"]
[BlackTeam "ASVOe Raika StVeit/Glan"]

1.d4 d5 2.Nf3 Nf6 3.c4 c6 4.e3 e6 5.Nbd2 a6 6.Bd3 c5 7.b3 Nc6 8.Bb2 cxd4 9.exd4
Be7 10.O-O b6 11.Rc1 Bb7 12.Qe2 O-O 13.Rfe1 a5 14.Ng5 Bd6 15.Ndf3 Bf4 16.Rcd1
Rc8 17.cxd5 exd5 18.Bf5 Rc7 19.Qb5 g6 20.Bb1 Rc8 21.Ba3 Re8 22.Qd3 Nb4 23.Bxb4
axb4 24.g3 Bd6 25.Nxf7 Kxf7 26.Ng5+ Kg8 27.Nxh7 Ne4 28.f3 Rc3 29.Qe2 Kxh7
30.fxe4 dxe4 31.Qb5 Bc6 32.Qe2 Qg5

[Event "2 Bundesliga Mitte 2006/2007"]
[Site "Fuerstenfeld"]
[Date "2007.03.31"]
[Round "10"]
[Board "3"]
[White "Jurkovic, Hryoje"]
[Black "Niederwieser, Peter"]
[Result "1-0"]
[WhiteElo "2438"]
[BlackElo "2162"]
[PlyCount "115"]
[EventDate "2006.10.28"]
[EventType "team"]
[EventRounds "11"]
[EventCountry "AUT"]
[WhiteTeam "ASVOe Raika StVeit/Glan"]
[BlackTeam "Sauwald"]

1.e4 e6 2.d4 d5 3.Nd2 Nf6 4.e5 Nfd7 5.Bd3 c5 6.c3 Nc6 7.Ne2 cxd4 8.cxd4 f6
9.exf6 Nxf6 10.Nf3 Bd6 11.O-O O-O 12.Bg5 Qc7 13.Bh4 Nh5 14.Rc1 g6 15.Bg3 Nxg3
16.hxg3 Qg7 17.Qd2 a6 18.Bb1 Bd7 19.a3 Bb8 20.Rcd1 Ba7 21.Nf4 Rae8 22.Rfe1 Bc8
23.b4 Kh8 24.a4 b5 25.axb5 axb5 26.Qc3 Qd7 27.Nd3 Rxf3 28.gxf3 Bxd4 29.Qd2 e5
30.Qh6 Qd6 31.Nc5 Rg8 32.Nb3 Bc3 33.Re4 Nxb4 34.Qe3 Qf8 35.Qxc3 dxe4 36.Qxe5+
Qg7 37.Qxb5 Nd3 38.Bxd3 exd3 39.Qxd3 Bf5 40.Qd4 Rb8 41.Qd8+ Rxd8 42.Rxd8+ Qg8
43.Rxg8+ Kxg8 44.Nd4 Bd7 45.f4 Kf7 46.Kg2 Kf6 47.Kf3 h6 48.g4 Bc8 49.Kg3 Bd7
50.Nf3 Bc8 51.Nd2 Bb7 52.f3 Bd5 53.Ne4+ Kg7 54.g5 Bc6 55.Nf6 Kf7 56.Ng4 Kg7
57.Nxh6 Bd5 58.f5

[Event "2 Bundesliga Mitte 2006/2007"]
[Site "Fuerstenfeld"]
[Date "2007.03.31"]
[Round "10"]
[Board "5"]
[White "Hebesberger, Thomas"]
[Black "Lang, Josef Jun"]
[Result "1-0"]
[WhiteElo "2333"]
[BlackElo "2071"]
[PlyCount "81"]
[EventDate "2006.10.28"]
[EventType "team"]
[EventRounds "11"]
[EventCountry "AUT"]
[WhiteTeam "ASVOe Raika StVeit/Glan"]
[BlackTeam "Sauwald"]

1.c4 Nf6 2.Nc3 e6 3.e4 d5 4.e5 Ne4 5.Qc2 Nxc3 6.dxc3 Nc6 7.Nf3 f6 8.exf6 gxf6
9.Be3 dxc4 10.Bxc4 Bd7 11.O-O-O Bd6 12.Rhe1 Qe7 13.Nd4 a6 14.Qe4 f5 15.Nxc6 fxe4
16.Nxe7 Kxe7 17.Bg5+ Kf7 18.Rxe4 Rhg8 19.f4 Rae8 20.Rde1 b5 21.Bb3 a5 22.a3 Kg7
23.Bxe6 Bc6 24.R4e2 Rgf8 25.f5 b4 26.axb4 axb4 27.Bd2 Bb5 28.Re4 h5 29.Rh4 Bd3
30.Rxh5 Rh8 31.Rxh8 Rxh8 32.Re3 Bf1 33.Re1 Bd3 34.h3 Ra8 35.Be3 bxc3 36.bxc3 Bg3
37.Rd1 Be4 38.Rd7+ Kf8 39.f6 Bd6 40.Bh6+ Ke8 41.f7#

[Event "2 Bundesliga Mitte 2006/2007"]
[Site "Fuerstenfeld"]
[Date "2007.03.31"]
[Round "10"]
[Board "6"]
[White "Woesner, Richard"]
[Black "Kuess, Mario"]
[Result "1/2-1/2"]
[WhiteElo "1986"]
[BlackElo "2138"]
[PlyCount "74"]
[EventDate "2006.10.28"]
[EventType "team"]
[EventRounds "11"]
[EventCountry "AUT"]
[WhiteTeam "Sauwald"]
[BlackTeam "ASVOe Raika StVeit/Glan"]

1.e4 d5 2.exd5 Nf6 3.Nc3 Nxd5 4.Be2 Nc6 5.Bf3 Nf6 6.d3 Nd4 7.Be3 Nxf3+ 8.Nxf3 c6
9.Qe2 g6 10.Qd2 h5 11.Bg5 Bg7 12.Nh4 Qd4 13.Qe3 Qxe3+ 14.Bxe3 Nd5 15.Nxd5 cxd5
16.c3 b6 17.O-O Ba6 18.Rad1 e5 19.Rfe1 O-O-O 20.d4 e4 21.g3 Bf6 22.Ng2 Be7
23.Rc1 g5 24.Bd2 f5 25.h4 gxh4 26.Nxh4 Bxh4 27.gxh4 Rhg8+ 28.Bg5 Rdf8 29.Kh2 Kd7
30.Rg1 f4 31.Bh6 Rxg1 32.Rxg1 Rf6 33.Rg7+ Kc6 34.Bg5 Rf5 35.Kg2 e3 36.fxe3 fxe3
37.Bxe3 Bf1+

[Event "2 Bundesliga Mitte 2006/2007"]
[Site "Fuerstenfeld"]
[Date "2007.03.31"]
[Round "10"]
[Board "1"]
[White "Fogarasi, Tibor"]
[Black "Zaja, Ivan"]
[Result "0-1"]
[WhiteElo "2435"]
[BlackElo "2445"]
[PlyCount "70"]
[EventDate "2006.10.28"]
[EventType "team"]
[EventRounds "11"]
[EventCountry "AUT"]
[WhiteTeam "Fuerstenfeld"]
[BlackTeam "SG Alpine Raika Trofaiach Niklasdorf"]

1.e4 d6 2.d4 Nf6 3.Nc3 e5 4.Nf3 exd4 5.Nxd4 Be7 6.Be2 O-O 7.O-O c5 8.Nf3 a6
9.Re1 b5 10.a4 b4 11.Nd5 Nxd5 12.Qxd5 Ra7 13.Bc4 Be6 14.Qd3 Bf6 15.Bxe6 fxe6
16.Qc4 Qc8 17.e5 d5 18.Qg4 Bd8 19.c4 bxc3 20.bxc3 Ba5 21.Bd2 Nc6 22.h4 Rf5 23.h5
Qe8 24.h6 Kh8 25.Rac1 gxh6 26.Bxh6 Bd8 27.Rb1 Rh5 28.Bd2 Rg7 29.Qf4 Rf5 30.Qe3
Qh5 31.Nh2 Bg5 32.Qxc5 Bxd2 33.Qxc6 Bxe1 34.Rxe1 Qh4 35.Rf1 Rh5

[Event "2 Bundesliga Mitte 2006/2007"]
[Site "Fuerstenfeld"]
[Date "2007.03.31"]
[Round "10"]
[Board "2"]
[White "Bukal, Vladimir Jun"]
[Black "Kuba, Guenter"]
[Result "1-0"]
[WhiteElo "2407"]
[BlackElo "2391"]
[PlyCount "77"]
[EventDate "2006.10.28"]
[EventType "team"]
[EventRounds "11"]
[EventCountry "AUT"]
[WhiteTeam "SG Alpine Raika Trofaiach Niklasdorf"]
[BlackTeam "Fuerstenfeld"]

1.d4 d5 2.c4 dxc4 3.Nf3 Nf6 4.Nc3 a6 5.e4 b5 6.e5 Nd5 7.a4 e6 8.axb5 Nb6 9.Be3
axb5 10.Rxa8 Nxa8 11.Nxb5 Nb6 12.Nd2 Ba6 13.Nc3 Nc6 14.Nde4 Be7 15.Qg4 Kf8
16.Qd1 Nb4 17.Be2 h6 18.O-O g6 19.Qd2 Kg7 20.Ra1 Bb7 21.Nc5 Bc6 22.Qc1 N4d5
23.Bd2 Nxc3 24.Qxc3 Bg5 25.Ra7 Qb8 26.Bxg5 Qxa7 27.Bf6+ Kh7 28.h4 Nd5 29.Qf3 Re8
30.Bxc4 Qa1+ 31.Kh2 Qxb2 32.Bxd5 Bxd5 33.Qf4 Qb5 34.Bg5 hxg5 35.Qxf7+ Kh6 36.h5
gxh5 37.Nd7 Be4 38.Qxe8 Bg6 39.Qf8+

[Event "2 Bundesliga Mitte 2006/2007"]
[Site "Fuerstenfeld"]
[Date "2007.03.31"]
[Round "10"]
[Board "3"]
[White "Kilgus, Georg"]
[Black "Bukal, Vladimir"]
[Result "1-0"]
[WhiteElo "2360"]
[BlackElo "2414"]
[PlyCount "85"]
[EventDate "2006.10.28"]
[EventType "team"]
[EventRounds "11"]
[EventCountry "AUT"]
[WhiteTeam "Fuerstenfeld"]
[BlackTeam "SG Alpine Raika Trofaiach Niklasdorf"]

1.d4 d5 2.c4 c6 3.Nf3 Nf6 4.e3 a6 5.Qc2 e6 6.Nbd2 Bd6 7.c5 Bc7 8.b4 Nbd7 9.Bb2
Qe7 10.Bd3 e5 11.dxe5 Nxe5 12.Nxe5 Bxe5 13.O-O O-O 14.Rfe1 Bxb2 15.Qxb2 a5 16.a3
axb4 17.axb4 Rxa1 18.Rxa1 Re8 19.Qd4 Bd7 20.Ra7 Rb8 21.Nf3 Qd8 22.Ne5 Be8 23.g4
h6 24.h4 Nd7 25.Nxd7 Bxd7 26.Qf4 Be8 27.g5 hxg5 28.hxg5 g6 29.Kg2 Bd7 30.Ra1 Ra8
31.Rh1 Qf8 32.Rh6 Qg7 33.Qd6 Bf5 34.Bxf5 gxf5 35.Qf4 Rd8 36.Rf6 d4 37.exd4 Qh7
38.Rd6 Re8 39.Rh6 Qg7 40.Qxf5 Rd8 41.d5 cxd5 42.b5 Qd4 43.Qh7+

[Event "2 Bundesliga Mitte 2006/2007"]
[Site "Fuerstenfeld"]
[Date "2007.03.31"]
[Round "10"]
[Board "4"]
[White "Stuhlik, Marko"]
[Black "Frosch, Erich"]
[Result "1-0"]
[WhiteElo "2229"]
[BlackElo "2320"]
[PlyCount "81"]
[EventDate "2006.10.28"]
[EventType "team"]
[EventRounds "11"]
[EventCountry "AUT"]
[WhiteTeam "SG Alpine Raika Trofaiach Niklasdorf"]
[BlackTeam "Fuerstenfeld"]

1.g3 g6 2.Bg2 Bg7 3.c4 c5 4.Nc3 Nc6 5.Nf3 Nf6 6.O-O O-O 7.d4 cxd4 8.Nxd4 a6 9.c5
Qc7 10.Nb3 b5 11.e4 Bb7 12.Nd5 Qd8 13.Bg5 Ra7 14.Bxf6 exf6 15.Nb6 Ba8 16.Qd2 Re8
17.Rad1 Ne5 18.Na5 Bf8 19.b4 Nc6 20.Nb3 Ne5 21.Na5 Nc6 22.Nb3 Ne5 23.Qc2 Bc6
24.Na5 Qc7 25.Nd5 Bxd5 26.exd5 d6 27.c6 f5 28.h3 Qb6 29.Kh1 Rae7 30.f4 Nc4
31.Nxc4 bxc4 32.Qxc4 Re3 33.Bf3 Bg7 34.Rc1 Bb2 35.Rc2 Ba3 36.Re2 Rxe2 37.Bxe2
Re4 38.Qxa6 Qe3 39.c7 Qxg3 40.c8=Q+ Kg7 41.Qd3

[Event "2 Bundesliga Mitte 2006/2007"]
[Site "Fuerstenfeld"]
[Date "2007.03.31"]
[Round "10"]
[Board "5"]
[White "Postl, Anton"]
[Black "Mitter, Gerd"]
[Result "1-0"]
[WhiteElo "2292"]
[BlackElo "2194"]
[PlyCount "57"]
[EventDate "2006.10.28"]
[EventType "team"]
[EventRounds "11"]
[EventCountry "AUT"]
[WhiteTeam "Fuerstenfeld"]
[BlackTeam "SG Alpine Raika Trofaiach Niklasdorf"]

1.d4 Nf6 2.c4 g6 3.Nf3 Bg7 4.g3 O-O 5.Bg2 d5 6.O-O c6 7.cxd5 Nxd5 8.e4 Nb6 9.h3
Be6 10.Nc3 h6 11.b3 c5 12.Be3 cxd4 13.Nxd4 Qd7 14.Nxe6 Qxe6 15.Rc1 Na6 16.Nd5
Rac8 17.Qd2 Kh7 18.Qa5 Rfd8 19.Nxb6 axb6 20.Bxb6 Rd6 21.Rxc8 Qxc8 22.e5 Bxe5
23.Qxe5 Rxb6 24.Qxe7 Kg7 25.Rd1 Qc2 26.Rd8 Qc1+ 27.Kh2 Re6 28.Qf8+ Kf6 29.Rd7

[Event "2 Bundesliga Mitte 2006/2007"]
[Site "Fuerstenfeld"]
[Date "2007.03.31"]
[Round "10"]
[Board "6"]
[White "Spirk, Stefan"]
[Black "Gergacz, Attila"]
[Result "1/2-1/2"]
[WhiteElo "2125"]
[BlackElo "2230"]
[PlyCount "68"]
[EventDate "2006.10.28"]
[EventType "team"]
[EventRounds "11"]
[EventCountry "AUT"]
[WhiteTeam "SG Alpine Raika Trofaiach Niklasdorf"]
[BlackTeam "Fuerstenfeld"]

1.c4 Nf6 2.g3 d5 3.cxd5 Qxd5 4.Nf3 c5 5.Nc3 Qd8 6.Bg2 Nc6 7.O-O e5 8.d3 Bd6
9.Nd2 O-O 10.Nde4 Nxe4 11.dxe4 Be6 12.e3 Bc4 13.Re1 Nb4 14.Bf1 Bxf1 15.Rxf1 Rc8
16.a3 Nc6 17.Nd5 Ne7 18.Qc2 Nxd5 19.exd5 f5 20.e4 Qf6 21.f3 Rc7 22.Bd2 h5
23.exf5 Qxf5 24.Qxf5 Rxf5 25.g4 Rf8 26.Rae1 c4 27.Bb4 Bxb4 28.axb4 Re8 29.Re4 c3
30.d6 Rd7 31.bxc3 hxg4 32.f4 Rxd6 33.fxe5 Rd3 34.c4 g3

[Event "2 Bundesliga Mitte 2006/2007"]
[Site "Fuerstenfeld"]
[Date "2007.04.01"]
[Round "11"]
[Board "1"]
[White "Konopka, Michal"]
[Black "Horvath, Tamas"]
[Result "1/2-1/2"]
[WhiteElo "2426"]
[BlackElo "2427"]
[PlyCount "27"]
[EventDate "2006.10.28"]
[EventType "team"]
[EventRounds "11"]
[EventCountry "AUT"]
[WhiteTeam "ASK St Valentin"]
[BlackTeam "SC Gleisdorf"]

1.Nf3 Nf6 2.c4 c5 3.Nc3 e6 4.g3 b6 5.Bg2 Bb7 6.O-O Be7 7.d4 cxd4 8.Qxd4 d6 9.Bg5
a6 10.Bxf6 Bxf6 11.Qd3 Ra7 12.Rad1 Be7 13.Nd4 Bxg2 14.Kxg2

[Event "2 Bundesliga Mitte 2006/2007"]
[Site "Fuerstenfeld"]
[Date "2007.04.01"]
[Round "11"]
[Board "2"]
[White "Meszaros, Tamas"]
[Black "Tompa, Janos"]
[Result "1/2-1/2"]
[WhiteElo "2352"]
[BlackElo "2407"]
[PlyCount "24"]
[EventDate "2006.10.28"]
[EventType "team"]
[EventRounds "11"]
[EventCountry "AUT"]
[WhiteTeam "SC Gleisdorf"]
[BlackTeam "ASK St Valentin"]

1.e4 e5 2.Nf3 Nc6 3.Nc3 Nf6 4.d4 exd4 5.Nxd4 Bb4 6.Nxc6 bxc6 7.Bd3 d5 8.exd5
cxd5 9.O-O O-O 10.Bg5 c6 11.Na4 h6 12.Bh4 Be6

[Event "2 Bundesliga Mitte 2006/2007"]
[Site "Fuerstenfeld"]
[Date "2007.04.01"]
[Round "11"]
[Board "3"]
[White "Sandhoefner, Florian"]
[Black "Sandhu, Mario"]
[Result "1/2-1/2"]
[WhiteElo "2271"]
[BlackElo "2288"]
[PlyCount "142"]
[EventDate "2006.10.28"]
[EventType "team"]
[EventRounds "11"]
[EventCountry "AUT"]
[WhiteTeam "ASK St Valentin"]
[BlackTeam "SC Gleisdorf"]

1.e4 c6 2.d4 d5 3.exd5 cxd5 4.c4 Nf6 5.Nc3 Nc6 6.Bg5 Qa5 7.Bxf6 exf6 8.cxd5 Bb4
9.Qd2 Bxc3 10.bxc3 Qxd5 11.Ne2 O-O 12.Nf4 Qd6 13.Bd3 Re8+ 14.Ne2 b6 15.O-O Bb7
16.Rfe1 Na5 17.Ng3 Re6 18.Bf5 Rxe1+ 19.Rxe1 Bd5 20.Be4 Bxe4 21.Rxe4 Qd5 22.Qe2
g6 23.Re8+ Rxe8 24.Qxe8+ Kg7 25.Qe2 Nc4 26.Nf1 Nd6 27.Ne3 Qe4 28.f3 Qb1+ 29.Kf2
b5 30.Ng4 Qf5 31.Ne3 Qc8 32.Qb2 a5 33.Qa3 Nb7 34.Qb3 Qc6 35.Ke2 Nd6 36.Qd5 Qa6
37.Kd3 b4+ 38.c4 a4 39.Kc2 b3+ 40.axb3 a3 41.Kb1 a2+ 42.Ka1 Qa3 43.Nd1 Qxb3
44.Nb2 Nf5 45.Qb5 Qc2 46.Kxa2 Nxd4 47.Qb6 Ne2 48.Ka3 Nf4 49.g3 Ne6 50.f4 Qxh2
51.Qe3 h5 52.Nd3 Qc2 53.Kb4 Qb1+ 54.Ka5 Qb3 55.Qe4 Qc3+ 56.Kb6 Qb3+ 57.Ka5 Qc3+
58.Kb6 Qd4+ 59.Qxd4 Nxd4 60.c5 g5 61.c6 Nxc6 62.Kxc6 Kg6 63.fxg5 fxg5 64.Ne5+
Kf5 65.Nxf7 Kg4 66.Kd5 h4 67.gxh4 gxh4 68.Ke4 h3 69.Ne5+ Kg3 70.Nf3 h2 71.Nxh2
Kxh2

[Event "2 Bundesliga Mitte 2006/2007"]
[Site "Fuerstenfeld"]
[Date "2007.04.01"]
[Round "11"]
[Board "4"]
[White "Frosch, Ronald"]
[Black "Tober, Gerhard"]
[Result "0-1"]
[WhiteElo "2264"]
[BlackElo "2329"]
[PlyCount "56"]
[EventDate "2006.10.28"]
[EventType "team"]
[EventRounds "11"]
[EventCountry "AUT"]
[WhiteTeam "SC Gleisdorf"]
[BlackTeam "ASK St Valentin"]

1.d4 d5 2.Nf3 Nf6 3.e3 g6 4.Be2 Bg7 5.b3 Ne4 6.Bb2 c5 7.O-O O-O 8.Nbd2 Nc6 9.Rc1
Qa5 10.a3 Nxd2 11.Nxd2 cxd4 12.b4 Qa4 13.Nb3 b6 14.exd4 Ba6 15.Re1 e6 16.Qd2
Bxe2 17.Qxe2 Rac8 18.Qd3 Ne7 19.Re2 Rc7 20.h3 Rfc8 21.g3 Nf5 22.Kg2 Nd6 23.Rce1
Nc4 24.Bc1 Nxa3 25.Bxa3 Qxa3 26.Qb5 Bf8 27.Rxe6 fxe6 28.Rxe6 Rd8

[Event "2 Bundesliga Mitte 2006/2007"]
[Site "Fuerstenfeld"]
[Date "2007.04.01"]
[Round "11"]
[Board "5"]
[White "Heimberger, Reinhard"]
[Black "Wanderer, Thomas"]
[Result "1-0"]
[WhiteElo "2294"]
[BlackElo "2206"]
[PlyCount "81"]
[EventDate "2006.10.28"]
[EventType "team"]
[EventRounds "11"]
[EventCountry "AUT"]
[WhiteTeam "ASK St Valentin"]
[BlackTeam "SC Gleisdorf"]

1.c4 c5 2.Nc3 Nf6 3.g3 d5 4.cxd5 Nxd5 5.Bg2 Nc7 6.Nf3 Nc6 7.O-O e5 8.d3 Be7
9.Nd2 O-O 10.Nc4 f6 11.f4 exf4 12.Bxf4 Be6 13.Qb3 Rb8 14.Qa4 g5 15.Bxc7 Qxc7
16.Nd5 Qd7 17.Nxe7+ Qxe7 18.Bxc6 bxc6 19.b3 Qd7 20.Na5 Rb4 21.Qxc6 Qd4+ 22.e3
Qxe3+ 23.Rf2 Rd4 24.Qxc5 Qxd3 25.Nc6 Rd7 26.Ne5 Qd4 27.Nxd7 Qxa1+ 28.Rf1 Qxf1+
29.Kxf1 Bxd7 30.Qxa7 Rf7 31.Qb8+ Kg7 32.a4 Bc6 33.Qd6 Be8 34.Qe6 Kf8 35.a5 Re7
36.Qd6 Kf7 37.Qd5+ Kg7 38.a6 Re5 39.Qb7+ Kh6 40.a7 Bb5+ 41.Qxb5

[Event "2 Bundesliga Mitte 2006/2007"]
[Site "Fuerstenfeld"]
[Date "2007.04.01"]
[Round "11"]
[Board "6"]
[White "Perhinig, Robert"]
[Black "Kranzl, Peter"]
[Result "1-0"]
[WhiteElo "2213"]
[BlackElo "2258"]
[PlyCount "79"]
[EventDate "2006.10.28"]
[EventType "team"]
[EventRounds "11"]
[EventCountry "AUT"]
[WhiteTeam "SC Gleisdorf"]
[BlackTeam "ASK St Valentin"]

1.d4 Nf6 2.Bg5 c5 3.d5 Qb6 4.Nc3 d6 5.e4 Nbd7 6.a4 Qa5 7.Bd2 g6 8.f4 Bg7 9.Nf3
O-O 10.Bc4 a6 11.O-O Qc7 12.Re1 Nb6 13.Bf1 a5 14.Nb5 Qd8 15.Bc3 Ne8 16.Qd2 Bxc3
17.Nxc3 e6 18.dxe6 fxe6 19.Rad1 Bd7 20.Nb5 d5 21.b3 Nf6 22.Nc3 Re8 23.Bb5 Bxb5
24.axb5 a4 25.bxa4 Nxa4 26.exd5 Nxc3 27.Qxc3 Nxd5 28.Qxc5 Rc8 29.Qf2 Qf6 30.g3
Nc3 31.Rd7 Nxb5 32.Rb1 Qf5 33.Nd4 Nxd4 34.Qxd4 Qc5 35.Qxc5 Rxc5 36.Rbxb7 Rxc2
37.Rg7+ Kh8 38.Rxh7+ Kg8 39.Rbg7+ Kf8 40.Rxg6

[Event "2 Bundesliga Mitte 2006/2007"]
[Site "Fuerstenfeld"]
[Date "2007.04.01"]
[Round "11"]
[Board "1"]
[White "Farago, Ivan"]
[Black "Mohr, Georg"]
[Result "1/2-1/2"]
[WhiteElo "2513"]
[BlackElo "2478"]
[PlyCount "33"]
[EventDate "2006.10.28"]
[EventType "team"]
[EventRounds "11"]
[EventCountry "AUT"]
[WhiteTeam "SC Ansfelden"]
[BlackTeam "Strassenbahn Graz"]

1.d4 Nf6 2.c4 e5 3.dxe5 Ng4 4.Bf4 Nc6 5.Nf3 Bb4+ 6.Nc3 Bxc3+ 7.bxc3 Qe7 8.Qd5 f6
9.e6 dxe6 10.Qh5+ g6 11.Qxg4 e5 12.Qh4 exf4 13.Qxf4 O-O 14.Qd2 Be6 15.e3 Na5
16.Be2 Rad8 17.Qb2

[Event "2 Bundesliga Mitte 2006/2007"]
[Site "Fuerstenfeld"]
[Date "2007.04.01"]
[Round "11"]
[Board "2"]
[White "Horvath, Gyula"]
[Black "Rumpl, Erwin"]
[Result "1/2-1/2"]
[WhiteElo "2431"]
[BlackElo "2288"]
[PlyCount "86"]
[EventDate "2006.10.28"]
[EventType "team"]
[EventRounds "11"]
[EventCountry "AUT"]
[WhiteTeam "Strassenbahn Graz"]
[BlackTeam "SC Ansfelden"]

1.Nf3 g6 2.c4 Bg7 3.d4 d6 4.Nc3 e5 5.dxe5 dxe5 6.Qxd8+ Kxd8 7.Be3 Be6 8.O-O-O+
Nd7 9.b3 f6 10.Rg1 Bh6 11.Bd2 Bxd2+ 12.Rxd2 Nh6 13.e3 c6 14.h3 Nf7 15.Be2 Ke7
16.Rgd1 Rhd8 17.Ne1 Nc5 18.Nd3 Nxd3+ 19.Bxd3 f5 20.f4 e4 21.Be2 Rxd2 22.Rxd2 c5
23.g4 Rd8 24.gxf5 gxf5 25.Rxd8 Kxd8 26.Kd2 Nd6 27.Na4 b6 28.Kc3 Bd7 29.Nb2 a5
30.a3 Be8 31.Nd1 Kc7 32.a4 Kd8 33.Kd2 Ke7 34.Nc3 Bf7 35.Ke1 Kf6 36.Kf2 h6 37.Kg3
Kg7 38.Kh4 Kh7 39.Bh5 Be6 40.Kg3 Kg7 41.Kf2 Kf6 42.Ke1 Ke7 43.Kd1 Kf6

[Event "2 Bundesliga Mitte 2006/2007"]
[Site "Fuerstenfeld"]
[Date "2007.04.01"]
[Round "11"]
[Board "3"]
[White "Casagrande, Harald"]
[Black "Butunoi, Alexandru"]
[Result "0-1"]
[WhiteElo "2342"]
[BlackElo "2404"]
[PlyCount "80"]
[EventDate "2006.10.28"]
[EventType "team"]
[EventRounds "11"]
[EventCountry "AUT"]
[WhiteTeam "SC Ansfelden"]
[BlackTeam "Strassenbahn Graz"]

1.d4 g6 2.h4 h5 3.Nf3 Bg7 4.e4 d6 5.Ng5 c6 6.Nc3 b5 7.a3 a6 8.Be3 Nh6 9.f3 Nd7
10.Qd2 Bb7 11.Be2 a5 12.Nd1 Nb6 13.b3 a4 14.Nf2 Bc8 15.O-O d5 16.b4 f6 17.Ngh3
dxe4 18.fxe4 Ng4 19.Nxg4 Bxg4 20.Nf4 Kf7 21.c3 Bxe2 22.Qxe2 Nc4 23.e5 Bh6 24.Bc1
Bxf4 25.Rxf4 Qd5 26.Ra2 Kg7 27.e6 Rad8 28.Qe1 Ne5 29.Rd2 Ng4 30.Re2 Qc4 31.Qd2
Rd5 32.Re1 Rf5 33.Rxf5 gxf5 34.Qc2 Kg6 35.Bf4 Rd8 36.Re2 Rd5 37.Bc7 Kg7 38.g3
Kg6 39.Kg2 Rxd4 40.cxd4 Qxc2

[Event "2 Bundesliga Mitte 2006/2007"]
[Site "Fuerstenfeld"]
[Date "2007.04.01"]
[Round "11"]
[Board "4"]
[White "Krebs, Johann"]
[Black "Humer, Wolfgang"]
[Result "0-1"]
[WhiteElo "2276"]
[BlackElo "2239"]
[PlyCount "100"]
[EventDate "2006.10.28"]
[EventType "team"]
[EventRounds "11"]
[EventCountry "AUT"]
[WhiteTeam "Strassenbahn Graz"]
[BlackTeam "SC Ansfelden"]

1.d4 Nf6 2.c4 c5 3.d5 b5 4.Nf3 bxc4 5.Nc3 d6 6.e4 Bg4 7.Bxc4 Nbd7 8.O-O g6 9.h3
Bxf3 10.Qxf3 Bg7 11.Qd1 O-O 12.Qc2 Rb8 13.Nb5 Qb6 14.a4 a6 15.a5 Qb7 16.Na3 Ne8
17.Rb1 Nc7 18.b4 cxb4 19.Bd2 Qa7 20.Rxb4 Bd4 21.Bc3 Bc5 22.Rxb8 Rxb8 23.Qc1 Nb5
24.Bb2 Bb4 25.Bxb5 axb5 26.Qc6 Ne5 27.Bxe5 Bxa3 28.Ba1 Qxa5 29.e5 Bc5 30.e6 f5
31.Bb2 Qb6 32.Qxb6 Rxb6 33.Ra1 Rb8 34.g4 fxg4 35.hxg4 Rf8 36.Rf1 Rf4 37.Kg2
Rxg4+ 38.Kf3 Rb4 39.Ba1 Bd4 40.Rd1 Bxa1 41.Rxa1 Ra4 42.Rc1 Rc4 43.Ra1 Rc7
44.Ra8+ Kg7 45.Rb8 Kf6 46.Ke4 Rc4+ 47.Ke3 Ke5 48.Rxb5 Rc3+ 49.Ke2 Rc5 50.Rb7 Kf6

[Event "2 Bundesliga Mitte 2006/2007"]
[Site "Fuerstenfeld"]
[Date "2007.04.01"]
[Round "11"]
[Board "5"]
[White "Mittermayr, Gerhard"]
[Black "Pesorda, Ivan"]
[Result "1/2-1/2"]
[WhiteElo "2178"]
[BlackElo "2250"]
[PlyCount "97"]
[EventDate "2006.10.28"]
[EventType "team"]
[EventRounds "11"]
[EventCountry "AUT"]
[WhiteTeam "SC Ansfelden"]
[BlackTeam "Strassenbahn Graz"]

1.e4 c5 2.Nf3 e6 3.d4 cxd4 4.Nxd4 Nf6 5.Nc3 d6 6.Be3 Be7 7.Be2 O-O 8.O-O a6 9.a4
Nc6 10.Nb3 Na5 11.Nxa5 Qxa5 12.Qd2 Kh8 13.f4 Bd7 14.Bf3 Bc6 15.b4 Qc7 16.b5 axb5
17.axb5 Bd7 18.b6 Qc4 19.e5 Rxa1 20.Rxa1 dxe5 21.fxe5 Bb4 22.exf6 Bxc3 23.Qd6
Kg8 24.Rd1 Bb5 25.Bxb7 Bxf6 26.Bf3 Ba6 27.b7 Bxb7 28.Bxb7 Qxc2 29.Bc5 Re8 30.Be3
h6 31.Qd3 Qb2 32.Be4 Qb8 33.Rb1 Qe5 34.Rd1 Qb8 35.Qf1 Rd8 36.Rxd8+ Bxd8 37.Bc2
Bc7 38.h4 Bb6 39.Qd3 Qa7 40.Bxb6 Qxb6+ 41.Kh1 Qa5 42.Kh2 g6 43.Qe4 h5 44.Qf4 Qc3
45.Bd1 Kg7 46.Bf3 Qb2 47.Qg5 Kh7 48.Be4 Kg7 49.Bxg6

[Event "2 Bundesliga Mitte 2006/2007"]
[Site "Fuerstenfeld"]
[Date "2007.04.01"]
[Round "11"]
[Board "6"]
[White "Teuschler, Hugo"]
[Black "Dumancic, Pero"]
[Result "1/2-1/2"]
[WhiteElo "2097"]
[BlackElo "2185"]
[PlyCount "99"]
[EventDate "2006.10.28"]
[EventType "team"]
[EventRounds "11"]
[EventCountry "AUT"]
[WhiteTeam "Strassenbahn Graz"]
[BlackTeam "SC Ansfelden"]

1.e4 e6 2.d4 d5 3.Nc3 dxe4 4.Nxe4 Nc6 5.c3 Be7 6.Nf3 Nf6 7.Nxf6+ Bxf6 8.Bd3 O-O
9.O-O e5 10.dxe5 Nxe5 11.Nxe5 Bxe5 12.Bxh7+ Kxh7 13.Qh5+ Kg8 14.Qxe5 Re8 15.Qh5
Be6 16.Be3 Qd5 17.Qxd5 Bxd5 18.Rfd1 c6 19.Rd4 b5 20.b3 Re4 21.Rxe4 Bxe4 22.Bd4
Bd5 23.a4 Bxb3 24.axb5 cxb5 25.Rxa7 Rxa7 26.Bxa7 f6 27.f3 Kf7 28.Kf2 Ke6 29.Ke3
Bc4 30.h4 g6 31.Kf4 Bf1 32.g4 Bd3 33.Ke3 Bc2 34.Kf4 Bd1 35.Ke4 Bc2+ 36.Kd4 Bb1
37.Bb8 Bc2 38.Ke3 Bd1 39.Bc7 Kf7 40.Bd8 Ke6 41.Kf4 Be2 42.Bb6 Bd1 43.Bd4 Be2
44.h5 gxh5 45.gxh5 Kf7 46.Ke3 Bd1 47.h6 Kg6 48.h7 Kxh7 49.Bxf6 Kg6 50.Bd4

[Event "2 Bundesliga Mitte 2006/2007"]
[Site "Fuerstenfeld"]
[Date "2007.04.01"]
[Round "11"]
[Board "1"]
[White "Kozul, Zdenko"]
[Black "Nanu, Ciprian Costica"]
[Result "0-1"]
[WhiteElo "2593"]
[BlackElo "2457"]
[PlyCount "112"]
[EventDate "2006.10.28"]
[EventType "team"]
[EventRounds "11"]
[EventCountry "AUT"]
[WhiteTeam "ZH Technologies Wolfsberg"]
[BlackTeam "Union Styria Kleine Zeitung Graz 2"]

1.d4 d5 2.c4 c6 3.e3 Bf5 4.Nc3 e6 5.g4 Bg6 6.h4 h5 7.g5 Nd7 8.Nge2 Bd6 9.Bg2 Ne7
10.cxd5 cxd5 11.e4 dxe4 12.Nxe4 Bb4+ 13.Bd2 Qb6 14.Bxb4 Qxb4+ 15.Qd2 Qxd2+
16.Kxd2 Bxe4 17.Bxe4 O-O-O 18.Rh3 Kb8 19.Ke1 Nb6 20.Rf3 Rhf8 21.Rd1 Nc4 22.Ng3
g6 23.Rb3 Rd7 24.Ne2 Nd6 25.Re3 Nef5 26.Bxf5 Nxf5 27.Re4 Rfd8 28.Rd3 Rd5 29.Kd2
Nd6 30.Rf4 e5 31.dxe5 Nc4+ 32.Kc3 Rxd3+ 33.Kxc4 R3d5 34.Rxf7 Rxe5 35.Nc3 Re6
36.a4 Rc6+ 37.Kb3 a6 38.a5 Rd4 39.f4 Rc5 40.Rf8+ Kc7 41.Rf7+ Rd7 42.Rf6 Rf5
43.Kc4 Rxf6 44.gxf6 Kd8 45.Ne4 Ke8 46.Ng5 Rd2 47.b4 Rd6 48.Ne4 Rd1 49.Ng5 Kd7
50.Kc5 Rf1 51.Kb6 Rxf4 52.Kxb7 Rxh4 53.Kxa6 Rxb4 54.Nh7 Ke6 55.Ka7 h4 56.a6 Rb5